| 000 | 01000nam a2200241Ia 4500 | ||
|---|---|---|---|
| 999 |
_c37887 _d37887 |
||
| 001 | 3865 | ||
| 003 | GE_BSU | ||
| 005 | 20190823162440.0 | ||
| 008 | 181216s1986||||ge |||||||||||||| ||geo|| | ||
| 040 | _cGE_BSU | ||
| 041 | _ageo | ||
| 080 | _a271.222(479.22) გ–26 | ||
| 100 |
_aგეგეშიძე, დავით _93764 |
||
| 245 | _aსაქართველოს ისტორიაში ქრისტიანობის ადგილისა და როლის საღვთისმეტყველო კონცეფციის კრიტიკა. | ||
| 264 |
_a თბ. : _bმეცნიერება, _c1986. |
||
| 300 |
_a103 გვ.; _b21 სმ. |
||
| 504 | _aბიბლიოგრ.: გვ. 99-102. | ||
| 520 | _a რეზ. რუს.. | ||
| 541 | _h2ლ. | ||
| 653 | _aსაქართველოს ისტორია | ||
| 653 | _aქრისტიანობა საქართველოში | ||
| 942 |
_cBK _2udc |
||